Statistiche per Stati per minore estensione - Africa

Clicka qui per fare il quiz!

Statistiche generali

  • Questo quiz è stato fatto 7 volte
  • Il punteggio medio è 9 su 10

Statistiche sulle risposte

Superficie (km²)Nazione% Corretto
4 033Capo Verde
100%
2 239Mauritius
100%
964São Tomé e Príncipe
100%
27 834Burundi
86%
1 862Comore
86%
17 364eSwatini
86%
23 200Gibuti
86%
26 338Ruanda
86%
452Seychelles
86%
11 295Gambia
71%

Distribuzione punteggi

Percentile per numero di risposta

Percentuale di utenti per punteggio

I tuoi punteggi nel tempo

Non hai fatto questo quiz